000 00216nam a22000857a 4500
008 160817b xxu||||| |||| 00| 0 eng d
100 _9159
_aHelen Keller
245 _aThe Story of my life
260 _aAgra
_bOswal Book
_c2015
999 _c2817
_d2817